Tetracordo: cuadernos de dictado musical. Cuaderno del alumno

Saved in:
Bibliografiske detaljer
Main Authors: Seguì Pèrez, Salvador (Author), Carbonell Gras, Juan Miguel (Author), Montesinos Comas, Eduardo (Author), Martí Puchades, Eduardo (Author)
Format: Bog
Sprog:spansk
Udgivet: Valencia Piles, Editorial de Música 1991
Serier:Curso Completo de Educación Auditiva, 1
Fag:
Tags: Tilføj Tag
Ingen Tags, Vær først til at tagge denne postø!

MARC

LEADER 00000nam a2200000 a 4500
001 UCN4571
003 CL-VaPUC
008 010803e19910000SP |||||||||||||||||spa|d
082 0 4 |a 781.424  |b SEG  |2 21 
100 0 |a Seguì Pèrez, Salvador  |e author  |9 460998 
700 0 |a Carbonell Gras, Juan Miguel  |e author  |9 460999 
700 0 |a Montesinos Comas, Eduardo  |e author  |9 461000 
700 |a Martí Puchades, Eduardo  |e author  |9 460997 
245 1 0 |a Tetracordo: cuadernos de dictado musical. Cuaderno del alumno 
300 |a 95 p 
942 |c BK 
945 |d 20010803 00:00:00  |a crobeson 
260 |a Valencia  |b Piles, Editorial de Música  |c 1991 
650 0 |a Música estudio e instrucción   |9 306355 
650 0 |a Audición  |x Música   |9 460392 
650 7 |a MEMORIZACION - MUSICA  |2 CL-VaPUC  |9 460393 
583 |a last modification  |c 20010803 00:00:00  |k Rodrigo Vera 
490 0 |a Curso Completo de Educación Auditiva, 1 
999 |c 296739  |d 296737 
952 |0 0  |1 0  |4 0  |6 781_424000000000000_SEG_1991  |7 0  |8 A  |9 350839  |a BIBEDU  |b BIBEDU  |d 2019-11-20  |i 3047091  |o 781.424 SEG 1991  |p 3047091  |r 2023-01-12  |w 2019-11-20  |y BK  |k MUS